Szczegóły MARC21

Nauka języków obcych : od praktyki do praktyki /

003 -Nazwa inst., której nr kontr. jest w polu 001 [,]
    • @
    • Nazwa instytucji, której n kontrolny jest w polu 001
    • NUKAT
005 -DATA I CZAS OSTATNIEJ MODYFIKACJI [,]
    • @
    • pole kontrolne
    • 20241231114838.0
020 -Międzynarod. znormalizowany nr książki - ISBN [ , ]
    • a
    • Numer ISBN
    • 8387388025 Find
040 -Instytucja sporządzająca opis [ , ]
    • a
    • Instytucja, która sporządziła opis (NP)
    • LUBL KUL/bw
    • c
    • Instytucja, która sporządziła rekord (NP)
    • LUBL KUL/bw
    • d
    • Instytucja, która zmodyfikowała rekord (P)
    • LUBL KUL/JP
    • d
    • Instytucja, która zmodyfikowała rekord (P)
    • GD PAN/JSs
    • d
    • Instytucja, która zmodyfikowała rekord (P)
    • KR U/63TgZ
942 -Rodzaj dokumentu [ , ]
    • c
    • Rodzaj dokumentu
    • Książka
100 -Hasło główne - nazwa osobowa [1, ]
    • a
    • Nazwa osobowa (NP)
    • Pfeiffer, Waldemar
    • d
    • Daty biograficzne (NP)
    • (1938- ).
    • 9
    • KHW
    • 247919
245 -Strefa tytułu i oznaczenia odpowiedzialności [1,0]
    • a
    • Tytuł
    • Nauka języków obcych : Find
    • b
    • Ciąg dalszy tytułu (NP)
    • od praktyki do praktyki / Find
    • c
    • Pozostałe elementy strefy tytułu i oznaczenia odpowiedzialności (NP)
    • Waldemar Pfeiffer.
260 -Strefa adresu wydawniczego [ , ]
    • a
    • Miejsce wydania (P)
    • Poznań :
    • b
    • Nazwa wydawcy (P)
    • Wagros,
    • c
    • Data wydania (P)
    • 2001.
300 -Strefa opisu fizycznego [ , ]
    • a
    • Określenie formy książki i/lub objętość (NP)
    • 226 s. :
    • b
    • Oznaczenie ilustracji (NP)
    • il. ;
    • c
    • Format (NP)
    • 25 cm.
336 -Typ zawartości [ , ]
    • a
    • Termin opisujący typ zawartości
    • Tekst
    • b
    • Kod określający zawartość
    • txt
    • 2
    • Źródło (terminu i kodu)
    • rdacontent
337 -Typ mediów [ , ]
    • a
    • Tryb odtwarzania
    • Bez urządzenia pośredniczącego
    • b
    • Kod typu mediów
    • n
    • 2
    • Źródło (terminu i kodu)
    • rdamedia
338 -Typ/rodzaj nośnika [ , ]
    • a
    • Hasło opisujące typ nośnika
    • Wolumin
    • b
    • Kod typu nośnika
    • nc
    • 2
    • Źródło (terminu i kodu)
    • rdacarrier
504 -Uwaga dot. bibliogr. załącznikowej [ , ]
    • a
    • Uwaga dot. bibliografii załącznikowej
    • Bibliogr. s. 214-226.
080 -Uniwersalna Klasyfikacja Dziesiętna [ , ]
    • 2
    • Identyfikator wydania tablic
    • UDC-P022
    • a
    • Symbol klasyfikacji
    • 372.881.1
    • b
    • Dopowiedzenie
    • Nauczanie języków.
650 -Hasło przedmiotowe [ ,7]
    • a
    • Hasło przedmiotowe
    • Języki obce
    • x
    • Określnik rzeczowy
    • studia i nauczanie.
    • 2
    • Źródło terminu
    • kaba
    • 9
    • KHW
    • 113631
980 -Symbol UKD [ , ]
    • a
    • UKD
    • 372.881.1
710 -Hasło dodatkowe - nazwa ciała zbiorowego [2, ]
    • a
    • Nazwa ciała zbiorowego lub nazwa geograficzna jako pierwszy element (NP)
    • Wydawnictwo Wagros.
    • 4
    • Kod relacji
    • pbl
    • 9
    • KHW
    • 68136
920 -ISBN [ , ]
    • a
    • ISBN
    • 83-87388-02-5 Find
Sygnatura Uwagi nie widoczne w OPAC Lokalizacja Data inwentaryzacji Numer inwentarzowy Status udost.
Dydaktyka języków obcych 65 BM2007-02-09G.184591
 przepisanyBM2006-03-08G.17993-3